00343nam a2200121 a 45000010005000000030005000050050017000100080041000270400026000681000027000942450071001212600029001921459CDMR20130116135211.0130130s1983||||||||||||||||||||||||||||d aCDMRbcatcCPC GIRONA1 aGarcía Pons, Enrique10aHistoria de la prensa badalonesa 1868-1939cGarcía Pons, Enrique c1983bAjunt. de Badalona